000 00735nam a22002537a 4500
001 BR9509182
003 BR-BrBNA
005 20230928094754.0
007 ta
008 230509b bl.||||| |||| 00| 0 por d
040 _aBR-BrBNA
_bpor
_cBiblioteca Nacional de Agricultura
041 _a(Por)
072 _aE14
090 _ E14 BR9509182
110 1 _aConselho Nacional de Desenvolvimento da Pecuaria, Brasilia, DF (Brasil)
_92664
245 1 _aReuniao de Diretores. Analise da situacao da CONDEPE
260 3 _aBrasilia, DF (Brasil):
_c1975.
300 _a[vp]
650 _aDesenvolvimento Agricola
650 _aPlanejamento Rural
650 _aAnalise Economica
909 _a202309
_bLucia
_c55
_dLucia Elande
942 _cBK
999 _c52549
_d52549